banner

Biomecánica y modelización en mecanobiología: (Registro nro. 808)

000 -LEADER
fixed length control field 02207nam a2200265 a 4500
003 - CONTROL NUMBER IDENTIFIER
control field AR-BaISA
005 - DATE AND TIME OF LATEST TRANSACTION
control field 20220329130443.0
007 - PHYSICAL DESCRIPTION FIXED FIELD--GENERAL INFORMATION
fixed length control field ta
008 - FIXED-LENGTH DATA ELEMENTS--GENERAL INFORMATION
fixed length control field 220329s2018 ag ad||f |||| 000 0 spa d
020 ## - INTERNATIONAL STANDARD BOOK NUMBER
International Standard Book Number 9789502326931
040 ## - CATALOGING SOURCE
Language of cataloging spa
Transcribing agency AR-BaISA
082 04 - DEWEY DECIMAL CLASSIFICATION NUMBER
Edition number 22
Classification number 612.76 Ar55
245 00 - TITLE STATEMENT
Title Biomecánica y modelización en mecanobiología:
Remainder of title actualización teórica y experimental /
Statement of responsibility, etc. Ricardo L. Armentano y Edmundo I. Cabrera Fischer (comps.)
260 ## - PUBLICATION, DISTRIBUTION, ETC.
Place of publication, distribution, etc. Buenos Aires :
Name of publisher, distributor, etc. Eudeba,
Date of publication, distribution, etc. 2018
300 ## - PHYSICAL DESCRIPTION
Extent 470 p.:
Other physical details il., gráfs., tablas
490 ## - SERIES STATEMENT
Serie Biblioteca ingeniería
504 ## - BIBLIOGRAPHY, ETC. NOTE
Bibliography, etc. note Bibliografía al final de cada capítulo.
505 ## - FORMATTED CONTENTS NOTE
Title Alain Simon, Ricardo Armentano / Prólogo --
-- Pablo Miguel Jacovkis / Introducción --
-- Edmundo Cabrera Fischer, Daniel Bia / Hemodinámica --
-- Edmundo Cabrera Fischer, Daniel Bia / Función cardiovascular --
-- Carlos Negreira / Ondas elásticas en medios sólidos --
-- Leandro Cymberknop, Ricardo Armentano, Walter Legnani / Dinámica no lineal cardiovascular --
-- Ricardo Armentano / Propagación del pulso en arterias --
-- Sandra Rugonyi / Mecánica de fluidos y transporte de masa --
-- Edmundo Cabrera Fischer, Daniel Bia, Ricardo Armentano / Flujos aórticos inversos --
-- Jorge Trainini, Noemí Lago / Ingeniería biológica cardíaca: beneficios de la matriz celular asociada a terapia con células madre en cardiomiopatía isquémica --
-- Marta Rosen, Franco Martín Pessana / Modelos de flujo arterial --
-- Damián Craiem / Modelos de viscoelasticidad en derivadas fraccionales --
-- Ricardo Armentano / Modelización de la pared arterial --
-- Daniel Bia, Yanina Zócalo / Modelización en el dominio del tiempo y la frecuencia de la conducta mecánica venosa --
-- José Miguel Atienza, Francisco Javier Rojo, Manuel Elices, Gustavo Víctor Guinea / Caracterización mecánica de los vasos sanguíneos --
-- Felipe Gabaldon Castillo, Blanco Ibáñez, José Goicolea Ruigómez / Modelos numéricos de fluido y pared vascular
650 10 - SUBJECT ADDED ENTRY--TOPICAL TERM
9 (RLIN) 79
Topical term or geographic name entry element Biomecánica
650 10 - SUBJECT ADDED ENTRY--TOPICAL TERM
9 (RLIN) 1903
Topical term or geographic name entry element Modelos cardiovasculares
650 10 - SUBJECT ADDED ENTRY--TOPICAL TERM
9 (RLIN) 31
Topical term or geographic name entry element Fisiología humana
700 1# - ADDED ENTRY--PERSONAL NAME
9 (RLIN) 1901
Personal name Armentano, Ricardo
700 1# - ADDED ENTRY--PERSONAL NAME
9 (RLIN) 1902
Personal name Cabrera Fischer, Edmundo
942 ## - ADDED ENTRY ELEMENTS (KOHA)
Source of classification or shelving scheme
Koha item type Libros
Edition 22
Existencias
Withdrawn status Lost status Source of classification or shelving scheme Damaged status Not for loan Permanent Location Current Location Date acquired Inventory number Full call number Barcode Date last seen Price effective from Koha item type
          Biblioteca ISALUD. Dr. Néstor Rodríguez Campoamor Biblioteca ISALUD. Dr. Néstor Rodríguez Campoamor 2022-03-29 4335 612.76 Ar55 4335 2022-03-29 2022-03-29 Libros